Finančno-ekonomická analýza vo vybranom podniku bakalárska práca

Guardado en:
Detalles Bibliográficos
Autor principal: Ihnát, Dávid
Autor Corporativo: Podnikovohospodárska fakulta EU so sídlom v Košiciach. Katedra kvantitatívnych metód
Otros Autores: Hudák, Matej, 1984-
Formato: Libro
Lenguaje:eslovaco
Publicado: Košice 2021
Etiquetas: Agregar Etiqueta
Sin Etiquetas, Sea el primero en etiquetar este registro!

MARC

LEADER 00000nbm a2200000 4500
001 0278141
005 20220401101123.5
041 0 |a slo 
044 |a SK 
245 1 0 |a Finančno-ekonomická analýza vo vybranom podniku  |b bakalárska práca  |c Dávid Ihnát ; školiteľ: Matej Hudák 
264 1 |a Košice  |c 2021 
300 |a 47 s. 
100 1 |a Ihnát, Dávid 
700 1 |a Hudák, Matej, 1984- 
710 2 |a Podnikovohospodárska fakulta EU so sídlom v Košiciach. Katedra kvantitatívnych metód